000 00291nam a22001337a 4500
008 171031b xxu||||| |||| 00| 0 eng d
020 _a9780324186260
041 _aeng
080 _a33
100 _a59
101 _aBUS
245 _aINTRODUCTION TO BUSINESS
_cMADURA,J
942 _2udc
_cBK
999 _c36864
_d36864